01375cam a22003015i 4500999001700000003000900017005001700026008004100043020001800084040004300102082002300145100003800168245008900206250002000295264005900315264001000374300004500384336002600429337002800455338002700483504005100510520028200561650002900843651001000872653003400882942001200916952014500928 c22698d22670EG-ScBUE20200203142714.0161018t20162016caua f b 001 0 eng d a9781483358666 aEG-ScBUEbengerdacEG-ScBUEdEG-ScBUE04a808.06665bCAN2221 aCanavor, Natalie,d1942-eauthor.10aBusiness writing today :ba practical guide /cNatalie Canavor, New York University. aSecond edition. 1aThousand Oaks, California :bSAGE Publication,c[2016] 4cc2016 axvi, 366 pages :billustrations ;c23 cm atextbtxt2rdacontent aunmediatedbn2rdamedia avolumebnc2rdacarrier aIncludes bibliographical references and index. aThe text instructs business students how to write for the 21st century business environment in the style it demands: clearly, concisely, powerfully, and with individuality. It also addresses explicitly the digital realm of email, social networking, and social media strategies. 7aBusiness writing.2BUEsh 2BUEsh bBUSADMbHHUUEENNcOctober2016 2ddccBB 00102ddc40708AcademicaMAINbMAINc2NDd2016-10-18ePurchaseg378.00h9129l0o808.06665 CANp000045161r2025-07-15 00:00:00v472.50yBB